Statistics for Some North African Cities on a Map

Click here to take the quiz!

General Stats

  • This quiz has been taken 44 times
  • The average score is 17 of 45

Answer Stats

City % Correct
Cairo
100%
Tunis
92%
Algiers
92%
Rabat
92%
Tripoli
89%
Alexandria
89%
Casablanca
89%
Fez
73%
Luxor
68%
Marrakesh
65%
Giza
65%
Tangier
62%
Benghazi
59%
Oran
57%
Suez
49%
Port Said
49%
Las Palmas
49%
Ceuta
49%
Aswan
43%
Sfax
38%
Santa Cruz de Tenerife
38%
Sousse
32%
Funchal
30%
Laayoune
30%
Agadir
30%
Constantine
30%
Mellila
24%
Tamanrasset
19%
Sirte
16%
Gabes
14%
Abu Simbel
14%
Misratah
14%
Sharm El-Sheikh
11%
Kairouan
11%
Tindouf
11%
Al-Jawf
11%
Oujda
8%
Bizerte
8%
Meknes
8%
Annaba
8%
Batna
5%
Biskra
3%
Salé
3%
Tafariti
3%
El Oued
3%

Score Distribution

Percentile by Number Answered

Percent of People with Each Score

Your Score History

You have not taken this quiz